Geometría proyectiva

Uloženo v:
Podrobná bibliografie
Hlavní autor: Santaló, Luis A (Autor)
Médium: Kniha
Jazyk:španělština
Vydáno: Buenos Aires EUDEBA 1977
Vydání:3a. ed
Edice:Manuales EUDEBA
Témata:
Tagy: Přidat tag
Žádné tagy, Buďte první, kdo vytvoří štítek k tomuto záznamu!

MARC

LEADER 00000nam a2200000 a 4500
001 UCV5784
003 CL-VaPUC
008 910426e19770000AG |||||||||||||||||spa|d
082 0 4 |a 516.5  |b SAN  |2 21 
100 0 |a Santaló, Luis A  |e author  |9 300047 
245 1 0 |a Geometría proyectiva 
250 |a 3a. ed 
300 |a 371 p 
942 |c BK 
945 |d 19910426 00:00:00 
260 |a Buenos Aires  |b EUDEBA  |c 1977 
650 7 |a GEOMETRIA PROYECTIVA PROBLEMAS, EJERCICIOS, ETC  |2 CL-VaPUC  |9 262627 
583 |a last modification  |c 20160920 10:44:15  |k Rodrigo Vera 
490 0 |a Manuales EUDEBA 
999 |c 212156  |d 212154 
952 |0 0  |1 0  |4 0  |6 516_500000000000000_SAN_1977  |7 0  |8 A  |9 192675  |a BIBING  |b BIBING  |d 2019-11-14  |i 2601893  |o 516.5 SAN 1977  |p 2601893  |r 2025-01-20  |w 2019-11-14  |y BK  |k CCL 
952 |0 0  |1 0  |4 0  |6 516_500000000000000_SAN_1977  |7 0  |8 A  |9 192676  |a BIBCUR  |b BIBCUR  |d 2019-11-14  |i 4649125  |o 516.5 SAN 1977  |p 4649125  |r 2025-04-22  |w 2019-11-14  |y BK  |k FIS